| 000 | 00512nam a2200193 a 4500 | ||
|---|---|---|---|
| 005 | 20140412111234.0 | ||
| 008 | 000829s19uu xx 00 eng d | ||
| 020 | _a0-7496-1206-1 | ||
| 050 |
_aREF 030 _bFi44Se 1994 |
||
| 100 | _aWright, Lillian | ||
| 245 |
_aFirst starts senses : _cLillian Wright. _btouching / |
||
| 260 |
_aLondon : _bWatts Books, _c1994. |
||
| 300 | _a32 p. | ||
| 440 | _aFirst Starts the Body | ||
| 500 | _aIncludes index | ||
| 650 | _aSciences | ||
| 650 | _aSenses | ||
| 999 |
_c102347 _d102347 |
||